Loading...
| History - European | 0 | 7 | 0 | 0 | 70 | 17 | 51.00 | 1 | 3 | 0.00 | 0.00 |
| Science - Other | 0 | 4 | 1 | 1 | 35 | 85 | 98.75 | 0 | 2 | 0.00 | 0.00 |
| History - World | 0 | 4 | 1 | 1 | 35 | 18 | 59.00 | 1 | 2 | 0.00 | 0.00 |
| Mythology | 0 | 3 | 1 | 1 | 25 | 58 | 90.33 | 0 | 1 | 0.00 | 0.00 |
| Literature - British | 0 | 2 | 0 | 0 | 20 | 16 | 40.50 | 0 | 1 | 0.00 | 0.00 |
| Science - Physics | 0 | 2 | 0 | 0 | 20 | 43 | 52.50 | 0 | 1 | 0.00 | 0.00 |
| History - American | 0 | 2 | 0 | 0 | 20 | 13 | 30.50 | 1 | 2 | 0.00 | 0.00 |
| Literature - World | 0 | 2 | 0 | 1 | 20 | 77 | 86.00 | 0 | 0 | 0.00 | 0.00 |
| Literature - American | 0 | 2 | 0 | 0 | 20 | 26 | 35.00 | 2 | 2 | 0.00 | 0.00 |
| History - Other | 0 | 2 | 1 | 0 | 15 | 62 | 80.50 | 0 | 0 | 0.00 | 0.00 |
| Current Events | 0 | 1 | 0 | 1 | 10 | 109 | 109.00 | 0 | 0 | 0.00 | 0.00 |
| Geography | 0 | 1 | 0 | 1 | 10 | 110 | 110.00 | 0 | 0 | 0.00 | 0.00 |
| Philosophy | 0 | 1 | 0 | 0 | 10 | 78 | 78.00 | 0 | 1 | 0.00 | 0.00 |
| Science - Biology | 0 | 1 | 0 | 0 | 10 | 59 | 59.00 | 0 | 0 | 0.00 | 0.00 |
| Science - Chemistry | 0 | 1 | 0 | 0 | 10 | 62 | 62.00 | 0 | 1 | 0.00 | 0.00 |
| Social Science | 0 | 1 | 1 | 1 | 5 | 97 | 97.00 | 0 | 0 | 0.00 | 0.00 |
| Fine Arts - Classical Music | 0 | 1 | 1 | 0 | 5 | 93 | 93.00 | 0 | 0 | 0.00 | 0.00 |
| Fine Arts - Other | 0 | 0 | 0 | 0 | 0 | 0.00 | 0 | 0 | 0.00 | 0.00 | |
| Popular Culture | 0 | 0 | 1 | 0 | -5 | 0.00 | 0 | 0 | 0.00 | 0.00 |